000 00409nam a2200145Ia 4500
008 240729s9999 xx 000 0 und d
022 _a2833-5473
245 0 _aCTE Workshop Proceedings
260 _aUkraine
260 _bAcademy of Cognitive and Natural Sciences
650 _aTechnology | Education
856 _uhttps://doaj.org/toc/9d3d6c46efcf4f4a8e291ee7adffb1f2
942 _2ddc
942 _cDOAJEJ
999 _c68985
_d68985
945 _a1
_bMadushi Gamage
_c1
_dMadushi Gamage